| 000 | 00409nam a2200121Ia 4500 | ||
|---|---|---|---|
| 008 | 211119s9999||||xx |||||||||||||| ||und|| | ||
| 082 |
_a701.095483 _bKUR-K |
||
| 100 | _aKuroor, Manoj | ||
| 245 | 0 | _aKeralathile Thalangalum Kalakalum | |
| 260 |
_bSahithyapravarthaka _aKottayam _c2014 |
||
| 650 |
_aThe arts; fine & decorative arts _v Philosophy of fine & decorative artsMalayalam _xGeneral Stack |
||
| 942 | _cBOOK | ||
| 999 |
_c118942 _d118942 |
||